Statistics for Guess That Song! - 2020 Hits

Click here to take the quiz!

General Stats

  • This quiz has been taken 189 times
  • The average score is 5 of 14

Answer Stats

LyricsSong% Correct
Tastes like strawberries on a summer evenin', and it sounds just like a songWatermelon Sugar
80%
Don't show up, don't come out, don't start caring about me nowDon't Start Now
57%
Brand new Lamborghini, F- a cop carRockstar
57%
Sin City's cold and empty, no one's around to judge meBlinding Lights
53%
Pour up the whole damn seal, I'ma get lazyThe Box
46%
Hands up to the sky, I'll be your galaxy, I'm about to flyRain On Me
32%
Don't you wanna dance with me? No? I could dance like Michael JacksonToosie Slide
32%
Feeling good, like I should, went and took a walk around the neighbourhoodSunday Best
31%
But I knew you, dancin' in your Levi's, underneath the streetlightCardigan
20%
So go ahead and drive me insane, baby, run your mouth, I still wouldn't changeStuck With U
19%
It's been a long time since you fell in love, you ain't coming out your shellSay So
16%
It's bigger than black and white, it's a problem with the whole way of lifeThe Bigger Picture
16%
I can't seem to focus and you don't seem to notice I'm not hereMy Future
8%
She drink a lot of the bourbon, like she from the streetsThe Scotts
5%

Score Distribution

Percentile by Number Answered

Percent of People with Each Score

Your Score History

You have not taken this quiz